Bazální stimulace 3. část)

Podrobná bibliografia
Hlavný autor: Procházková, Eva (Autor)
Médium: Článok
Jazyk:čeština

MARC

LEADER 00000nab a2200000ua 4500
001 vtls010790364
003 SK-MaSNL
005 20260303152042.0
008 230222s2007 xo |||||||||||||||||cze|
035 |a (urnnbn)urn:nbn:sk:snk:ar-a069bl 
035 |a (uuid)86cc0c11-d806-49eb-ad09-6a8621c8046e 
035 |a urn:nbn:sk:snk-ab4x3y 
040 |a SNKBUCL  |b slo  |c SNKBUCL  |e AACR2 
041 0 |a cze 
044 |a xo  |c SK 
100 1 |a Procházková, Eva  |4 aut  |9 277226 
245 1 0 |a Bazální stimulace 3. část)  |c Eva Procházková 
773 0 |t Sestra a lekár v praxi : časopis pre sestry, lekárov a iných zdravotníckych pracovníkov  |g Roč. 6, č. 7-8 (2007), s. 12-13 
958 |a OND 
958 |a EUIPO 
958 |a article3 
999 |c 2021291  |d 2023221